Les meilleurs buteurs de la coupe du monde 2018 - Statistiques

Statistiques générales
  • Ce quiz a été pris 135 fois
  • Le résultat moyen est 10 sur 26
Statistiques - réponses
Nombre de buts Nom du joueur % Correct
4 buts M’Bappe
97%
4 buts Griezmann
94%
4 buts Ronaldo
89%
6 buts Kane
83%
4 buts Lukaku
72%
2 buts Modric
71%
2 buts Neymar
63%
3 buts Hazard
62%
3 buts Perisic
48%
2 buts Suarez
47%
3 buts Cavani
46%
3 buts Costa
31%
2 buts Aguero
29%
2 buts Son
26%
2 buts Salah
25%
2 buts Coutinho
21%
2 buts Musa
15%
3 buts Mina
13%
2 buts Khazri
9%
2 buts Inui
8%
2 buts Jedinak
8%
3 buts Dziouba
6%
2 buts Stones
6%
4 buts Cherichev
5%
2 buts Granqvist
5%
3 buts Mandzukich
4%
Aucun quiz correspondant
Distribution des résultats
% des personnes avec chaque résultat
Percentile par nombre de réponses
Votre historique - résultats
Vous n’avez pas pris ce quiz